000 04163nam a22003617a 4500
003 OSt
005 20260417141123.0
008 260417t2021 xxu||||| |||| 00| 0 eng d
020 _a9783030552817
020 _a9783030552800
040 _aUnicoc
_bspa
_c00001
_d00001
082 _a617.6342
100 _912995
_aKinariwala, Niraj
245 _aGuided endodontics
_c/ Niraj Kinariwala, Lakshman Samaranayake
250 _a1 Ed.
260 _a Suiza :
_bSpringer ,
_c2021.
300 _a218 páginas
_bIlustraciones, diagramas, tablas, gráficas
500 _aIncluye bibliografía
505 _t1.Navigation in dentistry and minimally invasive endodontics. –
_t1.1. Inception of navigation (guidance) in medical science. --
_t1.2. Evolution of digital dentistry. --
_t1.3. Concept of Minimally Invasive Endodontics. --
_t1.4 Need for 3D Guided Endodontics. --
_t2. CBCT in endodontics. --
_t2.1 Important Aspects of CBCT Imaging. --
_t2.2 Recommendations of CBCT in Endodontics. --
_t3. Digital impression systems, CAD/CAM, and STL file. --
_t3.1 Introduction. --
_t3.2 Direct and Indirect CAD/CAM Approaches. --
_t3.3 Evolution of CAD/CAM and Digital Impression Systems. --
_t3.4 STL File Extension. --
_t3.5 Digital Workflow. --
_t3.6 Tooth Preparation Considerations. --
_t3.7 Computer-Aided Design (CAD).--
_t3.8 Computer-Aided Manufacturing (CAM). --
_t3.9 Materials for CAD/CAM. --
_t3.10 Extraoral Laboratory Scanners. --
_t3.11 Intraoral Scanners. --
_t4. Endodontic guides and software planning. –
_t4.1 Introduction. --
_t4.2 Types of Endodontic Guides. --
_t4.3 Steps of 3D Guide Planning and Designing. --
_t4.4 Overview of Endoguide Planning with Different Softwares and Systems. --
_t5. 3D Printing in endodontics. –
_t5.1 Introduction of 3D Printing. --
_t5.2. 3D Printing Systems and Workflows. --
_t5.3. Clinical Applications of 3D Printing in Endodontics. --
_t5.4 Educational Applications of 3D Printing. --
_t5.5 Experimental Researches with 3D Printing Technology. --
_t5.5 Experimental Researches with 3D Printing Technology. --
_t6. Static guided nonsurgical approach for calcified canals of anterior teeth. –
_t6.1 Introduction. --
_t6.2 Review of Literature. --
_t6.3 Root Canal Obliteration and Clinical Challenges. --
_t6.4 The Static Guiding Procedure Step by Step. --
_t6.5 Limitation. --
_t7. Static guided non-surgical approach for posterior teeth. –
_t7.1 Considerations for Guided Approach for Posterior Teeth. --
_t7.2 Step-by-Step Clinical Procedure. --
_t7.3 Intra-coronal Guide Technique. --
_t7.4 Potential Mishaps. --
_t8. static guided approach in surgical endodontics. –
_t8.1 Preparations for Surgical Template Production: Approaches to Imaging. --
_t8.2 Image Registration. --
_t8.3. 3D Printed Static Aids: App. --
_t8.4 Recommended Workflow for Guided Endodontic Surgery. --
_t8.5 Unexplored Factors and Complications. --
_t9. Dynamic navigation in endodontics. --
_t9.1 Principles of Dynamic Navigation. --
_t9.2 Dynamic Navigation Components and Workflow. --
_t9.3 Dynamic Navigation in Nonsurgical Endodontic Treatments. --
_t9.4 Dynamic Navigation in Surgical Endodontics. --
_t9.5 Advantages and Limitations. --
_t10. Future trends of 3D guidance in dentistry. --
_t10.1 3D Printing in Autotransplantation. --
_t10.2 Bioprinting. --
_t10.3. 3D Printing in Smile Designing. --
_t10.4 Haptic Virtual Reality in Endodontics.
526 _5Unicoc
546 _aInglés
650 0 _911097
_aOdontología digital
650 0 _912998
_aEndodoncia digital
650 0 _9747
_aTecnología dental
650 0 _9160
_aSISTEMAS CAD/CAM
650 0 _980
_aEndodoncia
_xHerramientas tecnológicas
650 0 _94206
_aCirugía endodontica.
_xHerramientas tecnológicas
650 0 _9506
_aTratamiento endodóncico
_xHerramientas tecnológicas
658 0 _98071
_aEspecialización en Endodoncia
700 _912996
_aSamaranayake, Lakshman
856 _yAcceso online exclusivo para comunidad Unicoc.
_uhttps://unicoceduco-my.sharepoint.com/:b:/g/personal/direccionbiblioteca_unicoc_edu_co/IQBzRgg8AQZcTraVoqhfE009ATl9tu67l5Kqtm5cq0mXCZ8
942 _2ddc
_cEBOOK
999 _c10868
_d10868